000 00278nam a2200121Ia 4500
005 20251222140042.0
008 251222s1900||||xx |||||||||||||| ||spa||
082 _a170/T61
100 _aTischner, Josef
245 0 _aÉtica de la Solidaridad
264 _bEncuentro
942 _cLIB
999 _c3305
_d3305